1776 (Record no. 117)

MARC details
000 -LEADER
fixed length control field 03346cgm a2200685Ia 4500
003 - CONTROL NUMBER IDENTIFIER
control field data
005 - DATE AND TIME OF LATEST TRANSACTION
control field 20260322212007.0
007 - PHYSICAL DESCRIPTION FIXED FIELD--GENERAL INFORMATION
fixed length control field data
008 - FIXED-LENGTH DATA ELEMENTS--GENERAL INFORMATION
fixed length control field data
020 ## - INTERNATIONAL STANDARD BOOK NUMBER
International Standard Book Number 0767860322
020 ## - INTERNATIONAL STANDARD BOOK NUMBER
International Standard Book Number 9780767860321
024 1# - OTHER STANDARD IDENTIFIER
Standard number or code 043396058910
028 42 - PUBLISHER OR DISTRIBUTOR NUMBER
Publisher or distributor number 05891
Source Columbia TriStar Home Entertainment
037 ## - SOURCE OF ACQUISITION
Source of stock number/acquisition Midwest Tape
Note http://midwesttapes.com
040 ## - CATALOGING SOURCE
Original cataloging agency HHD
Transcribing agency HHD
Modifying agency OCLCQ
-- OCLCQ
-- OCL
-- WAU
-- OCLCQ
041 0# - LANGUAGE CODE
Language code of text/sound track or separate title eng
Language code of summary or abstract eng
-- eng
043 ## - GEOGRAPHIC AREA CODE
Geographic area code n-us---
050 14 - LIBRARY OF CONGRESS CALL NUMBER
Classification number PN1995.9.M86
Item number S42 2002
082 04 - DEWEY DECIMAL CLASSIFICATION NUMBER
Classification number 791.43/72
Edition information 22
090 ## - LOCALLY ASSIGNED LC-TYPE CALL NUMBER (OCLC); LOCAL CALL NUMBER (RLIN)
Classification number (OCLC) (R) ; Classification number, CALL (RLIN) (NR) DVD 785
001 - CONTROL NUMBER
control field data
130 0# - MAIN ENTRY--UNIFORM TITLE
Uniform title 1776 (Motion picture : 1972)
245 10 - TITLE STATEMENT
Title 1776
Medium [videorecording] /
Statement of responsibility, etc. Jack L. Warner ... [et al.].
246 3# - VARYING FORM OF TITLE
Title proper/short title Seventeen seventy six.
250 ## - EDITION STATEMENT
Edition statement Widescreen version, restored director's cut.
260 ## - PUBLICATION, DISTRIBUTION, ETC.
Place of publication, distribution, etc. Culver City, CA :
Name of publisher, distributor, etc. Columbia TriStar Home Entertainment,
Date of publication, distribution, etc. c2002.
300 ## - PHYSICAL DESCRIPTION
Extent 1 videodisc (ca. 166 min.) :
Other physical details sd., col. ;
Dimensions 4 3/4 in.
500 ## - GENERAL NOTE
General note Book by Peter Stone. Based on the musical play "1776" produced on the New York stage by Stuart Ostrow.
500 ## - GENERAL NOTE
General note Special features: director and screenwriter commentary, screen tests, bonus trailers, production notes.
508 ## - CREATION/PRODUCTION CREDITS NOTE
Creation/production credits note Director of photography, Harry Stradling, Jr. ; music and lyrics, Sherman Edwards ; based on a conception by Sherman Edwards ; choreography, Onna White.
511 1# - PARTICIPANT OR PERFORMER NOTE
Participant or performer note William Daniels, Howard Da Silva, Ken Howard, Donald Madden, Blythe Danner, John Cullum, Roy Poole, David Ford, Virginia Vestoff, Ron Holgate, Ray Middleton, John Myhers, Rex Robbins, William Duell.
520 ## - SUMMARY, ETC.
Summary, etc. 1776 is a delightful musical celebration of the founding of The United States of America. The story centers around the familiar historical characters as they organize a movement for independence from Mother England. All events lead up to that most significant date, July 4, 1776, when the Declaration of Independence was signed. This is the DVD "restored" version which runs ca. 166 minutes -- longer than the theatrical release cut, yet shorter than the laserdisc "restored" version.
521 ## - TARGET AUDIENCE NOTE
Target audience note Rated PG.
538 ## - SYSTEM DETAILS NOTE
System details note DVD, Region 1 encoding.
546 ## - LANGUAGE NOTE
Language note English soundtrack; optional English or French subtitles; closed-captioned for the hearing impaired.
600 10 - SUBJECT ADDED ENTRY--PERSONAL NAME
Personal name Stone, Peter,
Dates associated with a name 1930-
Form subdivision Film and video adaptations.
600 10 - SUBJECT ADDED ENTRY--PERSONAL NAME
Personal name Adams, John,
Dates associated with a name 1735-1826
Form subdivision Drama.
600 10 - SUBJECT ADDED ENTRY--PERSONAL NAME
Personal name Franklin, Benjamin,
Dates associated with a name 1706-1790
Form subdivision Drama.
600 10 - SUBJECT ADDED ENTRY--PERSONAL NAME
Personal name Jefferson, Thomas,
Dates associated with a name 1743-1826
Form subdivision Drama.
610 10 - SUBJECT ADDED ENTRY--CORPORATE NAME
Corporate name or jurisdiction name as entry element United States.
Title of a work Declaration of Independence
Form subdivision Drama.
655 #0 - INDEX TERM--GENRE/FORM
Genre/form data or focus term Feature films.
655 #0 - INDEX TERM--GENRE/FORM
Genre/form data or focus term Feature films
Geographic subdivision United States.
655 #0 - INDEX TERM--GENRE/FORM
Genre/form data or focus term Historical films.
655 #0 - INDEX TERM--GENRE/FORM
Genre/form data or focus term Musical films.
655 #0 - INDEX TERM--GENRE/FORM
Genre/form data or focus term Video recordings for the hearing impaired.
700 1# - ADDED ENTRY--PERSONAL NAME
Personal name Warner, Jack L.,
Dates associated with a name 1892-1978.
Relationship pro.
700 1# - ADDED ENTRY--PERSONAL NAME
Personal name Stone, Peter,
Dates associated with a name 1930-
Relationship aus.
700 1# - ADDED ENTRY--PERSONAL NAME
Personal name Hunt, Peter H.
Relationship drt.
700 1# - ADDED ENTRY--PERSONAL NAME
Personal name Daniels, William,
Dates associated with a name 1927-
Relationship act.
700 1# - ADDED ENTRY--PERSONAL NAME
Personal name Da Silva, Howard,
Dates associated with a name 1909-1986
Relationship act.
700 1# - ADDED ENTRY--PERSONAL NAME
Personal name Howard, Ken,
Dates associated with a name 1944-
Relationship act.
700 1# - ADDED ENTRY--PERSONAL NAME
Personal name Danner, Blythe.
Relationship act.
700 1# - ADDED ENTRY--PERSONAL NAME
Personal name Vestoff, Virginia.
Relationship act.
700 1# - ADDED ENTRY--PERSONAL NAME
Personal name Madden, Donald,
Dates associated with a name 1933-1983.
Relationship act.
700 1# - ADDED ENTRY--PERSONAL NAME
Personal name Stradling, Harry,
Dates associated with a name 1925-
Relationship cng.
700 1# - ADDED ENTRY--PERSONAL NAME
Personal name Edwards, Sherman.
Relationship cmp.
700 1# - ADDED ENTRY--PERSONAL NAME
Personal name Ostrow, Stuart,
Dates associated with a name 1932-
710 2# - ADDED ENTRY--CORPORATE NAME
Corporate name or jurisdiction name as entry element Columbia Pictures Industries.
710 2# - ADDED ENTRY--CORPORATE NAME
Corporate name or jurisdiction name as entry element Columbia TriStar Home Entertainment (Firm)
Holdings
Withdrawn status Lost status Damaged status Not for loan Home library Current library Shelving location Date acquired Total checkouts Full call number Barcode Date last seen Price effective from Koha item type
        Centerville Centerville General stacks 22/03/2026   791.43/72 22 BC0010121 22/03/2026 22/03/2026 Books